La liturgie chrétienne en ses origines (Record no. 239895)

000 -CABECERA
Campo de control de longitud fija 00648nam a22002057u 4500
008 - CÓDIGOS DE INFORMACIÓN DE LONGITUD FIJA
Campo de control de longitud fija 130405s1995 xxu||||| |||| 00| 0 fre d
020 ## - NÚMERO INTERANCIONAL NORMALIZADO PARA LIBROS (ISBN)
Número Internacional Normalizado para Libros (ISBN) 2204051632
024 8# - OTROS IDENTIFICADORES NORMALIZADOS
Número normalizado o código 1151-7115
041 ## - CÓDIGO DE LENGUA
Código de lengua del texto/banda sonora o título independiente fre
001 - NÚMERO DE CONTROL
Campo de control 55422
100 1# - PUNTO DE ACCESO PRINCIPAL-NOMBRE DE PERSONA
Nombre de persona Bradshaw, Paul F.
9 (RLIN) 20125
245 00 - MENCIÓN DE TÍTULO
Título La liturgie chrétienne en ses origines
Resto del título :Sources et méthodes
Mención de responsabilidad, etc. Paul F. Bradshaw, Jean-Marc Laporte
260 ## - PUBLICACIÓN, DISTRIBUCIÓN, ETC... (PIE DE IMPRENTA)
Lugar de publicación, distribución, etc. Paris:
Nombre del editor, distribuidor, etc. Cerf,
Fecha de publicación, distribución, etc. 1995
300 ## - DESCRIPCIÓN FÍSICA
Extensión 247 p.
Dimensiones ;21 cm.
490 0# - MENCIÓN DE SERIE
Mención de serie Liturgie
Designación de volumen o secuencia 5
500 ## - NOTA GENERAL
Nota general Título original: The Search for the Origins of Christian Worship
650 04 - PUNTO DE ACCESO ADICIONAL DE MATERIA-TÉRMINO DE MATERIA
Término de materia o nombre geográfico como elemento inicial Liturgia
Subdivisión cronológica Época primitiva
9 (RLIN) 15693
700 1# - PUNTO DE ACCESO ADICIONAL-NOMBRE DE PERSONA
Nombre de persona Laporte, Jean-Marc
9 (RLIN) 17367
942 ## - ENTRADA DE ELEMENTOS AGREGADOS (KOHA)
Koha [por defecto] tipo de item Libros
Holdings
Suprimido Perdido Estropeado No para préstamo Localización permanente Localización actual Localización en estantería Fecha adquisición Préstamos totales Signatura completa Número de Registro / Código de Barras Fecha última consulta Fecha del precio de reemplazo Tipo de item de Koha
        San Esteban San Esteban Depósito de libros 21/05/2013   26442 BRA lit 55422 21/05/2013 21/05/2013 Libros

Bibliotecas Dominicos Provincia Hispania, 2016

Con tecnología Koha